Prečo firmy žiadajú o rating

K hlavným dôvodom žiadostí o udelenie ratingového ohodnotenia je získanie výhodnejších podmienok pri emisiách cenných papierov, ale aj zlepšenie imidžu v očiach klientov, obchodných partnerov ale aj investorov. Rating je v súčasnosti významným elementom v komunikácii smerom k akcionárom, je indikáto...

Ausführliche Beschreibung

Gespeichert in:
Bibliographische Detailangaben
1. Verfasser: Škriniar, Pavel, 1979-
Weitere Verfasser: Kmeťko, Miroslav, 1969-
Format: Buchkapitel
Sprache:Slowakisch
Schlagworte:
Tags: Tag hinzufügen
Keine Tags, Fügen Sie das erste Tag hinzu!

MARC

LEADER 00000nla a2200000 4500
001 0151904
005 20240502072720.7
041 0 |a slo 
044 |a SK 
245 1 0 |a Prečo firmy žiadajú o rating  |c Pavel Škriniar, Miroslav Kmeťko 
520 |a K hlavným dôvodom žiadostí o udelenie ratingového ohodnotenia je získanie výhodnejších podmienok pri emisiách cenných papierov, ale aj zlepšenie imidžu v očiach klientov, obchodných partnerov ale aj investorov. Rating je v súčasnosti významným elementom v komunikácii smerom k akcionárom, je indikátorom podnikového zdravia vlastného kapitálu podniku. Zhoršenie ratingu ovplyvní rozhodovanie investorov pri umiestňovaní ich kapitálu. 
610 2 0 |a rating 
610 2 0 |a firmy 
610 2 0 |a emisie 
610 2 0 |a emitenti 
610 2 0 |a papiere cenné 
610 2 0 |a investori 
100 1 |a Škriniar, Pavel, 1979- 
700 1 |a Kmeťko, Miroslav, 1969-